| 000 | 00777cam a2200253 a 4500 | ||
|---|---|---|---|
| 001 | 000018073 | ||
| 005 | 20200929165337.0 | ||
| 008 | 751113s1968 sp 000 f spa d | ||
| 035 | _a(DLC) 75517724 | ||
| 040 |
_aDO-SdBNP _bspa _cDLC _dDLC _dBNPHU |
||
| 082 |
_a863.5 _bP226t |
||
| 100 | 1 |
_aPardo Bazán, Emilia, _ccondesa de, _d1852-1921 _93459 |
|
| 245 | 1 | 3 |
_aLa tribuna / _cEmilia Pardo Bazán ; introducción de José Hesse. |
| 260 |
_aMadrid : _bTaurus, _c1968. |
||
| 300 |
_a236 p. ; _c18 cm. |
||
| 490 | 1 |
_aTemas de España _v70 |
|
| 650 | 4 |
_aNovela española _91123 |
|
| 650 | 4 |
_aLiteratura española _9632 |
|
| 700 | 1 |
_aHesse, José, _eintrod. _96736 |
|
| 830 | 0 |
_aTemas de España ; _v70 _96849 |
|
| 910 | _aCatalogación derivada | ||
| 910 | _aWM | ||
| 049 | _aBNGR | ||
| 999 |
_c17595 _d17595 |
||